MARC

LEADER 00000nam0a2200000 4500
001 297658
005 20231102001029.0
020 |a RU  |b 84-25404 
035 |a (RuTPU)RU\TPU\book\322792 
090 |a 297658 
100 |a 20150610d1984 km y0rusy5003 ca 
101 0 |a rus 
102 |a RU 
105 |a a z 001zy 
200 1 |a Оптимизация природопользования  |e [сборник]  |f под ред. М. Я. Лемешева 
210 |a Москва  |c Знание  |d 1984 
215 |a 95 с.  |c ил. 
225 1 |a Народный университет. Естественнонаучный факультет 
320 |a Библиогр. в конце ст. 
606 1 |a Природопользование  |x Оптимизация  |2 stltpush  |3 (RuTPU)RU\TPU\subj\38972  |9 59216 
610 1 |a природные ресурсы 
610 1 |a окружающая среда 
610 1 |a охрана 
610 1 |a использование 
675 |a 504.062  |v 3 
702 1 |a Лемешев  |b М. Я.  |g Михаил Яковлевич  |4 340 
801 0 |a RU  |b RuMRKP  |c 19950704  |g psbo 
801 1 |a RU  |b 63413507  |c 20150610 
801 2 |a RU  |b 63413507  |c 20190307  |g RCR 
942 |c BK